Solutions manual for thermodynamics for engineering technology (Record no. 57903)

MARC details
000 -LEADER
fixed length control field 00533nam a2200145 a 4500
008 - FIXED-LENGTH DATA ELEMENTS--GENERAL INFORMATION
fixed length control field 120416s0000 ||||||||||||||||| || u
020 ## - INTERNATIONAL STANDARD BOOK NUMBER
International Standard Book Number 0534030513
050 ## - LIBRARY OF CONGRESS CALL NUMBER
Classification number TJ 265 Per
100 ## - MAIN ENTRY--PERSONAL NAME
Personal name Perry, Robert L
245 10 - TITLE STATEMENT
Title Solutions manual for thermodynamics for engineering technology
260 ## - PUBLICATION, DISTRIBUTION, ETC.
Place of publication, distribution, etc. North Scituate, [Mass.]
Name of publisher, distributor, etc. Breton Publishers
Date of publication, distribution, etc. 1984
300 ## - PHYSICAL DESCRIPTION
Extent 80p.
350 ## - PRICE (NR) (BK AM CF MU VM SE) [OBSOLETE]
Price 0.00
995 ## - RECOMMENDATION 995 [LOCAL, UNIMARC FRANCE]
-- 0.00
-- CBU-MAIN LIBRARY (Kitwe)
-- 1
-- 15.00
-- 1
-- DAMAGED
-- Main Library Open Access Collection
Holdings
Withdrawn status Lost status Source of classification or shelving scheme Damaged status Not for loan Home library Current library Shelving location Date acquired Total Checkouts Full call number Barcode Date last seen Price effective from Koha item type
          CBU-MAIN LIBRARY, KITWE. CBU-MAIN LIBRARY, KITWE.   11/30/2022   TJ 265 Per 017769 11/30/2022 11/30/2022 MONOGRAPH